00265nam a2200097Ia 4500008004100000100002100041245002100062245002200083260000900105856005300114160531s9999 xx 000 0 und d aKennedy, Eugene. aParticle Physics cby Eugene Kennedy c2012 uhttp://www.intechopen.com/books/particle-physics